[Event "RUS-ch U18"]
[Site "Rybinsk"]
[Date "2001.??.??"]
[Round "8"]
[White "Afonin, Alexey"]
[Black "Asanov, Timur"]
[Result "0-1"]
[WhiteElo "2287"]
[BlackElo "2339"]
[PlyCount "36"]
[EventDate "2001.02.??"]
[EventType "swiss"]
[EventRounds "10"]
[EventCountry "RUS"]
[SourceTitle "EXT 2002"]
[Source "ChessBase"]
[SourceDate "2001.11.25"]
[SourceVersion "1"]
[SourceVersionDate "2001.11.25"]
[SourceQuality "1"]

1. e4 d5 2. exd5 Qxd5 3. Nc3 Qa5 4. d4 Nf6 5. Nf3 Nc6 6. Bc4 Bg4 7. Be3 0-0-0 8. h3 Bh5 9. g4 e5 10. Bd2 Bg6 11. Nd5 Qa4 12. b3 Qa3 13. Nxf6 gxf6 14. d5 Nb4 15. Bxb4 Bxb4+ 16. Kf1 Bc3 17. Rc1 c6 18. d6 Rxd6 0-1

[Event "RUS-ch U18"]
[Site "Rybinsk"]
[Date "2001.??.??"]
[Round "6"]
[White "Afonin, Alexey"]
[Black "Timofeev, Artyom"]
[Result "1/2-1/2"]
[WhiteElo "2287"]
[BlackElo "2496"]
[PlyCount "148"]
[EventDate "2001.02.??"]
[EventType "swiss"]
[EventRounds "10"]
[EventCountry "RUS"]
[SourceTitle "EXT 2002"]
[Source "ChessBase"]
[SourceDate "2001.11.25"]
[SourceVersion "1"]
[SourceVersionDate "2001.11.25"]
[SourceQuality "1"]

1. e4 c5 2. c3 d5 3. exd5 Qxd5 4. d4 g6 5. Nf3 Bg7 6. Be2 cxd4 7. cxd4 Nh6 8. Nc3 Qa5 9. 0-0 0-0 10. Bf4 Nf5 11. Rc1 a6 12. Be5 Bh6 13. Rb1 Nc6 14. Qb3 b5 15. Rbd1 Bb7 16. Rfe1 Rac8 17. a3 Rfd8 18. d5 Nxe5 19. Nxe5 Bg7 20. Bg4 Rd6 21. Bxf5 gxf5 22. Re3 Rcd8 23. Rde1 Qc7 24. Nd3 Bxc3 25. Rxe7 Bxd5 26. Qxc3 Qxc3 27. bxc3 Bxg2 28. Kxg2 Rxd3 29. Ra7 R8d6 30. Ree7 Rf6 31. Re3 Rxe3 32. fxe3 Rc6 33. Kf3 Kg7 34. Ra8 Kf6 35. Ra7 h6 36. h3 Ke6 37. Ke2 Kf6 38. Kd2 Kg5 39. Ke2 f6 40. Kd3 Kh4 41. Rh7 h5 42. Rh6 Re6 43. Kd2 Kg5 44. Rh8 Re4 45. Rg8+ Kh4 46. Rg6 f4 47. Rxf6 fxe3+ 48. Ke2 Ra4 49. Rf3 Rxa3 50. Rxe3 a5 51. Re5 Rb3 52. Kd2 Rb2+ 53. Kc1 Rf2 54. Rxb5 a4 55. Ra5 a3 56. Rxa3 Kxh3 57. Ra8 h4 58. Kd1 Rf3 59. Ke2 Kg2 60. Rg8+ Rg3 61. Rf8 Rxc3 62. Rg8+ Rg3 63. Rf8 h3 64. Rf2+ Kg1 65. Rf1+ Kh2 66. Rf8 Kg2 67. Rf2+ Kh1 68. Rf8 Ra3 69. Rg8 Ra2+ 70. Kf1 Rg2 71. Rh8 Kh2 72. Rh7 Rg4 73. Rf7 Ra4 74. Rg7 Ra2 1/2-1/2

[Event "RUS-ch U18"]
[Site "Rybinsk"]
[Date "2001.??.??"]
[Round "7"]
[White "Dolzhenkov, Yuriy"]
[Black "Afonin, Alexey"]
[Result "1-0"]
[WhiteElo "2341"]
[BlackElo "2287"]
[PlyCount "57"]
[EventDate "2001.02.??"]
[EventType "swiss"]
[EventRounds "10"]
[EventCountry "RUS"]
[SourceTitle "EXT 2002"]
[Source "ChessBase"]
[SourceDate "2001.11.25"]
[SourceVersion "1"]
[SourceVersionDate "2001.11.25"]
[SourceQuality "1"]

1. e4 e5 2. Nf3 Nf6 3. Nc3 Nc6 4. Bb5 Nd4 5. Ba4 c6 6. Nxe5 d5 7. exd5 b5 8. Nxc6 Qb6 9. Nxd4 bxa4 10. Qe2+ Kd7 11. Qb5+ Qxb5 12. Ndxb5 Ba6 13. d3 Nxd5 14. Nxd5 Bxb5 15. 0-0 Rc8 16. Nc3 Ba6 17. a3 Bd6 18. Be3 Rc7 19. Bd4 Rb8 20. Rab1 f6 21. Rfe1 Kd8 22. Re6 Kd7 23. Re2 Rbc8 24. Rc1 Kd8 25. g3 Rd7 26. Rce1 Bxa3 27. Bxf6+ gxf6 28. Re8+ Kc7 29. bxa3 1-0

[Event "Chigorin Memorial 06th"]
[Site "St Petersburg"]
[Date "1998.11.08"]
[Round "8"]
[White "Afonin, Alexey"]
[Black "Biriukov, Oleg V"]
[Result "0-1"]
[WhiteElo "2235"]
[BlackElo "2410"]
[PlyCount "138"]
[EventDate "1998.10.31"]
[EventType "swiss"]
[EventRounds "9"]
[EventCountry "RUS"]
[SourceTitle "CBM 067 Extra"]
[Source "ChessBase"]
[SourceDate "1999.01.01"]
[SourceVersion "1"]
[SourceVersionDate "1999.01.01"]
[SourceQuality "1"]

1. e4 e6 2. d4 d5 3. Nd2 c5 4. exd5 Qxd5 5. Ngf3 cxd4 6. Bc4 Qd6 7. 0-0 Nf6 8. Nb3 Nc6 9. Nbxd4 Nxd4 10. Qxd4 Qxd4 11. Nxd4 Bd7 12. Bf4 Rc8 13. Bb3 Bc5 14. Rad1 0-0 15. Rfe1 Rfd8 16. c3 h6 17. h3 Kf8 18. a4 a6 19. Be3 Be7 20. a5 Ne4 21. Nf3 Nc5 22. Bc2 Ba4 23. Bxc5 Bxc2 24. Rxd8+ Rxd8 25. Bxe7+ Kxe7 26. Nd4 Ba4 27. f4 Rd5 28. Kf2 Bd7 29. b4 g5 30. g3 Kf6 31. h4 gxf4 32. gxf4 Rh5 33. Kg3 e5 34. fxe5+ Rxe5 35. Rf1+ Ke7 36. Kf4 f6 37. c4 Kf7 38. Rb1 h5 39. b5 Rc5 40. Rb4 Bh3 41. Nb3 Rf5+ 42. Kg3 Bf1 43. b6 Ke7 44. c5 Kd7 45. c6+ Kxc6 46. Re4 Re5 47. Rf4 Re3+ 48. Kf2 Rxb3 49. Rxf6+ Kb5 50. Rf5+ Ka4 51. Kxf1 Rb5 52. Rf7 Kxa5 53. Rxb7 Rxb6 54. Rg7 Kb4 55. Rg5 Rb5 56. Ke2 Kc4 57. Rg8 Rd5 58. Rc8+ Kb3 59. Rb8+ Rb5 60. Ra8 a5 61. Kd2 a4 62. Kc1 Rb4 63. Rg8 Rxh4 64. Rg3+ Kb4 65. Rg2 Rc4+ 66. Kb2 h4 67. Rg5 Rf4 68. Rh5 Kc4 69. Ka3 Kd3 0-1

[Event "Chigorin Memorial 06th"]
[Site "St Petersburg"]
[Date "1998.11.06"]
[Round "6"]
[White "Afonin, Alexey"]
[Black "Kirusha, Andrey"]
[Result "1-0"]
[WhiteElo "2235"]
[BlackElo "2400"]
[PlyCount "119"]
[EventDate "1998.10.31"]
[EventType "swiss"]
[EventRounds "9"]
[EventCountry "RUS"]
[SourceTitle "CBM 067 Extra"]
[Source "ChessBase"]
[SourceDate "1999.01.01"]
[SourceVersion "1"]
[SourceVersionDate "1999.01.01"]
[SourceQuality "1"]

1. e4 c5 2. c3 e6 3. d4 d5 4. exd5 exd5 5. Nf3 Nc6 6. Bb5 Bd6 7. dxc5 Bxc5 8. 0-0 Nge7 9. Nbd2 0-0 10. Nb3 Bb6 11. Re1 Bg4 12. Be3 Bc7 13. Be2 Re8 14. Nfd4 Bxe2 15. Qxe2 a6 16. Bg5 Qd6 17. g3 Qg6 18. Qe3 Ne5 19. f4 Nc4 20. Qf3 Nf5 21. Qxd5 Nfe3 22. Qxb7 Bb6 23. Re2 h6 24. Bh4 Qh5 25. Rae1 g5 26. Rxe3 Bxd4 27. Nxd4 Nxe3 28. Rxe3 gxh4 29. Kf2 Qd1 30. Qf3 Qd2+ 31. Qe2 Qxe2+ 32. Kxe2 h3 33. b4 Rxe3+ 34. Kxe3 Re8+ 35. Kd2 Kg7 36. a4 Kf6 37. b5 axb5 38. axb5 Ra8 39. c4 Ra2+ 40. Nc2 Ke6 41. Kc3 Kd7 42. c5 Ra5 43. c6+ Kd6 44. Nb4 Kc5 45. c7 Ra3+ 46. Kd2 Ra8 47. Na6+ Kb6 48. Kc3 Re8 49. Kc4 Re1 50. c8N+ Kb7 51. Nd6+ Ka7 52. Nc5 Re2 53. Nd7 Rxh2 54. b6+ Ka6 55. b7 Rb2 56. b8Q Rxb8 57. Nxb8+ Ka7 58. Ne4 Kxb8 59. Nf2 h2 60. Kd5 1-0

[Event "Chigorin Memorial 06th"]
[Site "St Petersburg"]
[Date "1998.11.04"]
[Round "5"]
[White "Chehlov, Aleksander"]
[Black "Afonin, Alexey"]
[Result "0-1"]
[WhiteElo "2315"]
[BlackElo "2235"]
[PlyCount "104"]
[EventDate "1998.10.31"]
[EventType "swiss"]
[EventRounds "9"]
[EventCountry "RUS"]
[SourceTitle "CBM 067 Extra"]
[Source "ChessBase"]
[SourceDate "1999.01.01"]
[SourceVersion "1"]
[SourceVersionDate "1999.01.01"]
[SourceQuality "1"]

1. e4 e5 2. f4 exf4 3. Nf3 Ne7 4. d4 d5 5. Nc3 dxe4 6. Nxe4 Nd5 7. Bd3 Be7 8. c4 Ne3 9. Bxe3 fxe3 10. 0-0 0-0 11. Qe2 f5 12. Nc3 Bg5 13. c5 Bh6 14. Bc4+ Kh8 15. Ne5 Nc6 16. Nf7+ Rxf7 17. Bxf7 Qxd4 18. Rad1 Qxc5 19. Kh1 Qe7 20. Qc4 f4 21. Bh5 Be6 22. Qe4 Rf8 23. Bf3 Re8 24. Qa4 Qf7 25. b3 Bd7 26. Ne2 Ne5 27. Qd4 Bb5 28. Bd5 Qe7 29. Bc4 Nxc4 30. bxc4 Bc6 31. Qxa7 Qg5 32. Rf3 Qh5 33. Ng1 Bg5 34. Qc5 h6 35. Re1 Bxf3 36. Nxf3 Qg4 37. Qxc7 Bh4 38. Qf7 Re7 39. Qf8+ Kh7 40. h3 Qg3 41. Re2 Bf6 42. Qc8 Qg6 43. a4 Qd3 44. Ng1 Bh4 45. Qc5 Rd7 46. Qe5 Rd4 47. Qh5 Bf2 48. Nf3 Rd8 49. g3 Kg8 50. Qa5 Bxg3 51. Rg2 e2 52. Qc7 e1Q+ 0-1

[Event "Chigorin Memorial 06th"]
[Site "St Petersburg"]
[Date "1998.11.01"]
[Round "2"]
[White "Afonin, Alexey"]
[Black "Vakin, Sergei"]
[Result "0-1"]
[WhiteElo "2235"]
[BlackElo "2360"]
[PlyCount "104"]
[EventDate "1998.10.31"]
[EventType "swiss"]
[EventRounds "9"]
[EventCountry "RUS"]
[SourceTitle "CBM 067 Extra"]
[Source "ChessBase"]
[SourceDate "1999.01.01"]
[SourceVersion "1"]
[SourceVersionDate "1999.01.01"]
[SourceQuality "1"]

1. e4 c5 2. c3 Nf6 3. e5 Nd5 4. d4 cxd4 5. Nf3 e6 6. cxd4 Nc6 7. Bc4 d6 8. 0-0 Be7 9. Qe2 0-0 10. Qe4 Ncb4 11. a3 Nb6 12. Bb3 d5 13. Qg4 Nd3 14. Bh6 g6 15. Bxf8 Qxf8 16. Ra2 h5 17. Qg3 Qh6 18. Ng5 Nxe5 19. Nxe6 Ng4 20. Nc7 h4 21. Qf3 Nxh2 22. Kxh2 Bd6+ 23. Kh1 Bxc7 24. Nc3 Be6 25. Raa1 Kg7 26. Rac1 Bf4 27. Rce1 Qg5 28. Bd1 Nc4 29. Rxe6 fxe6 30. Qh3 Nxb2 31. Qxe6 Nxd1 32. Rxd1 Rd8 33. Re1 Bd2 34. Re5 Qf6 35. Qxf6+ Kxf6 36. Nxd5+ Kf7 37. g3 hxg3 38. fxg3 Bh6 39. Nc3 Rxd4 40. Nb5 Rd1+ 41. Kg2 a6 42. Nc7 Bf8 43. a4 Bd6 44. Rd5 Rxd5 45. Nxd5 Ke6 46. Ne3 Bc5 47. Ng4 b5 48. axb5 axb5 49. Kf3 b4 50. Ke4 Bd6 51. Ne3 Bxg3 52. Nc2 Bd6 0-1

[Event "Moscow Kasparov Cup"]
[Site "Moscow"]
[Date "1998.??.??"]
[Round "1"]
[White "Afonin, Alexey"]
[Black "Alekseev, Evgeny V"]
[Result "0-1"]
[WhiteElo "2190"]
[BlackElo "2275"]
[PlyCount "90"]
[EventDate "1998.??.??"]
[EventType "swiss"]
[EventRounds "9"]
[EventCountry "RUS"]
[SourceTitle "EXT 2000"]
[Source "ChessBase"]
[SourceDate "1999.11.16"]
[SourceVersion "1"]
[SourceVersionDate "1999.11.16"]
[SourceQuality "1"]

1. e4 d5 2. exd5 Nf6 3. d4 Nxd5 4. Nf3 g6 5. Be2 Bg7 6. 0-0 0-0 7. Na3 Nc6 8. Nc4 Nb6 9. c3 Nxc4 10. Bxc4 Bg4 11. Be2 Qd6 12. h3 Bxf3 13. Bxf3 Rab8 14. Be3 Rfd8 15. Re1 e6 16. Qb3 h6 17. Rad1 b5 18. d5 Na5 19. Qc2 e5 20. Bxa7 Ra8 21. Be3 Nc4 22. b3 Nxe3 23. fxe3 e4 24. Bxe4 Ra6 25. Bd3 Qg3 26. Qf2 Qxf2+ 27. Kxf2 Bxc3 28. Re2 Rxd5 29. Bc2 Rf6+ 30. Kg1 Rxd1+ 31. Bxd1 Rd6 32. Bc2 c5 33. Kf2 Kg7 34. Be4 Bd2 35. Bc6 c4 36. bxc4 bxc4 37. Ba4 c3 38. Kf3 Ra6 39. Bb3 Rb6 40. Bd1 Rb1 41. Ba4 Rb2 42. a3 c2 43. Bxc2 Rxc2 44. Ke4 Rb2 45. Kd3 Bc3 0-1

[Event "RUS-Cup02"]
[Site "Moscow"]
[Date "1998.??.??"]
[Round "4"]
[White "Afonin, Alexey"]
[Black "Gagarin, Vasilij"]
[Result "0-1"]
[WhiteElo "2190"]
[BlackElo "2415"]
[PlyCount "52"]
[EventDate "1998.01.21"]
[EventType "swiss"]
[EventRounds "9"]
[EventCountry "RUS"]
[SourceTitle "EXT 1999"]
[Source "ChessBase"]
[SourceDate "1998.11.16"]
[SourceVersion "1"]
[SourceVersionDate "1998.11.16"]
[SourceQuality "1"]

1. e4 c5 2. c3 d5 3. exd5 Qxd5 4. d4 Nf6 5. Nf3 e6 6. Be2 cxd4 7. cxd4 Nc6 8. Nc3 Qd6 9. 0-0 Be7 10. Nb5 Qd8 11. Bf4 Nd5 12. Bg3 a6 13. Nc3 Nf6 14. Qb3 0-0 15. Rfd1 b5 16. a3 Bb7 17. Qa2 Qb6 18. d5 exd5 19. Nxd5 Nxd5 20. Rxd5 Rad8 21. Rad1 Nb4 22. axb4 Bxd5 23. Rxd5 Qe6 24. Nd4 Qxd5 25. Qxd5 Rxd5 26. Nc6 Bf6 0-1

[Event "Moscow Kasparov Cup"]
[Site "Moscow"]
[Date "1998.??.??"]
[Round "6"]
[White "Khruschiov, Alexey"]
[Black "Afonin, Alexey"]
[Result "0-1"]
[WhiteElo "2215"]
[BlackElo "2190"]
[PlyCount "82"]
[EventDate "1998.??.??"]
[EventType "swiss"]
[EventRounds "9"]
[EventCountry "RUS"]
[SourceTitle "EXT 2000"]
[Source "ChessBase"]
[SourceDate "1999.11.16"]
[SourceVersion "1"]
[SourceVersionDate "1999.11.16"]
[SourceQuality "1"]

1. e4 e5 2. Nf3 Nf6 3. Nc3 Nc6 4. Bb5 Nd4 5. Ba4 Nxf3+ 6. Qxf3 c6 7. 0-0 d6 8. b4 Bd7 9. Bb2 Be7 10. Bb3 0-0 11. h3 Be6 12. Qe2 Bxb3 13. axb3 a6 14. f4 Qb6+ 15. Kh1 Rae8 16. d3 Qxb4 17. Na2 Qa5 18. fxe5 dxe5 19. Rf5 Nd7 20. Nc3 Qc7 21. Raf1 f6 22. Qg4 Rf7 23. Ne2 g6 24. h4 Rg7 25. R5f3 Nc5 26. d4 Qd7 27. Qg3 Nxe4 28. Qe1 exd4 29. Bxd4 Bd6 30. Bxf6 Nxf6 31. Rxf6 Qe7 32. Qd1 Be5 33. R6f3 Qxh4+ 34. Rh3 Qg5 35. Ng1 Qd8 36. Qe2 Rd7 37. Qc4+ Kg7 38. Nf3 Bf6 39. Qf4 Qe7 40. Qh6+ Kg8 41. Nh2 Bg5 0-1

[Event "St Petersburg White Nights op"]
[Site "St Petersburg"]
[Date "1997.??.??"]
[Round "?"]
[White "Anjuhin, Alex"]
[Black "Afonin, Alexey"]
[Result "1-0"]
[WhiteElo "2335"]
[BlackElo "2220"]
[PlyCount "97"]
[EventDate "1997.??.??"]
[EventType "swiss"]
[EventRounds "9"]
[EventCountry "RUS"]
[SourceTitle "EXT 2000"]
[Source "ChessBase"]
[SourceDate "1999.11.16"]
[SourceVersion "1"]
[SourceVersionDate "1999.11.16"]
[SourceQuality "1"]

1. e4 e5 2. Nf3 Nf6 3. Nc3 Nc6 4. Bb5 Nd4 5. 0-0 Nxb5 6. Nxb5 d6 7. d4 exd4 8. Qxd4 Be7 9. e5 dxe5 10. Qxe5 0-0 11. Qxc7 Bg4 12. Qxd8 Rfxd8 13. Nbd4 Bc5 14. Be3 Nd5 15. Bd2 Nb6 16. c3 Nc4 17. Bc1 Re8 18. b3 Nd6 19. Be3 Bxf3 20. gxf3 Bxd4 21. Bxd4 Nb5 22. Rfe1 Nxd4 23. cxd4 g6 24. Kf1 Rxe1+ 25. Rxe1 Rd8 26. Re7 Rxd4 27. Rxb7 a5 28. Ke2 a4 29. b4 a3 30. Ke3 Rd1 31. b5 Ra1 32. Kd4 Rxa2 33. Ra7 Rxf2 34. Rxa3 Rxh2 35. Rb3 Rd2+ 36. Kc5 g5 37. b6 Rd8 38. b7 Rb8 39. Kc6 Kg7 40. Kc7 Re8 41. b8Q Rxb8 42. Rxb8 Kg6 43. Kd6 Kf5 44. Rf8 f6 45. Kd5 h5 46. Kd4 h4 47. Ke3 Kg6 48. Kf2 Kf5 49. Kg2 1-0